Text book of animal husbandry / (Record no. 9669)
[ view plain ]
| 000 -LEADER | |
|---|---|
| fixed length control field | 00474cam a2200181ua 4500 |
| 020 ## - INTERNATIONAL STANDARD BOOK NUMBER | |
| ISBN | 81-204-0066-6 |
| 041 ## - LANGUAGE CODE | |
| Language code of text/sound track or separate title | eng |
| 082 ## - DEWEY DECIMAL CLASSIFICATION NUMBER | |
| Classification number | 636 |
| Item number | BAN/TE |
| 100 ## - MAIN ENTRY--AUTHOR NAME | |
| Personal name | Banerjee, G C . |
| 245 ## - TITLE STATEMENT | |
| Title | Text book of animal husbandry / |
| 260 ## - PUBLICATION, DISTRIBUTION, ETC. (IMPRINT) | |
| Place of publication | New Delhi : |
| Name of publisher | Oxford & IBH Publishing company , |
| Year of publication | 2006. |
| 300 ## - PHYSICAL DESCRIPTION | |
| Number of Pages | 736 ; . |
| 942 ## - ADDED ENTRY ELEMENTS (KOHA) | |
| Koha item type | Books |
| Withdrawn status | Lost status | Damaged status | Home library | Current library | Date acquired | Full call number | Accession Number | Koha item type |
|---|---|---|---|---|---|---|---|---|
| KAUAET | KAUAET | 02/09/1986 | 636 | 15628 | Books | |||
| KAUAET | KAUAET | 07/04/2012 | 636 | 21282 | Books |
